000 01934nam0a2200421 4500
001 RU\NLR\BIBL_A\010363564
005 20190918111146.0
010 _a978-5-9905423-1-0
_bв пер.
021 _aRU
_b2014-23931
_91485
035 _a(NLR Aleph) 010363564
035 _a(NILC)RuMoRGB-006769223
090 _a9586864
_c9586864
100 _a20140602d2014 km y0rusy50 ca
101 1 _arus
_achu
_cchu
_cgre
102 _aRU
105 _aach|w|||000yy
200 1 _aЖитие и избранные творения
_fпреподобный Паисий Величковский
_g[ подгот. славян. текста, предисл., описания рук. П.Б. Жгун, М.А. Жгун
_gпер. с цековнославян. и древнегреч. яз., коммент. А. П. Власюк]
210 _aСерпухов
_cНаследие православного Востока
_d2014
215 _a555, [4] с.
_cил., факс., портр.
_d25
300 _aТекст рус., церковнославян.
320 _aБиблиогр. в конце кн.
600 0 _aПаисий Величковский
_f1722 - 1794
_2nlr_sh1
_2nlr_sh2
_3RU\NLR\AUTH\66814040
606 1 _aДуховно-нравственное чтение
_2nlr_sh1
_2nlr_sh2
_3RU\NLR\AUTH\661249549
675 _a271.22-36
686 2 _aЭ372.24-346.3-028
686 2 _aЭ372.24-681.2
700 0 _aПаисий
_cВеличковский Петр Иванович
_cархимандрит
_f1722-1794
_3RU\NLR\AUTH\779413
702 1 _aЖгун
_bП. Б.
_4220
702 1 _aВласюк
_bА. П.
_gАндрей П.
_4730
801 0 _aRU
_bRuMoRKP
_c20140331
_gRCR
801 2 _aRU
_bРГБ
_c20140410
_grcr
942 _cBOOK
980 _aNBR
980 _aNB